Il gabbiano Jonathan Livingston /
Guardat en:
| Autor principal: | |
|---|---|
| Altres autors: | |
| Format: | Llibre |
| Idioma: | italià |
| Publicat: |
Milano :
Rizzoli,
1973
|
| Etiquetes: |
Sense etiquetes, Sigues el primer a etiquetar aquest registre!
|
MARC
| LEADER | 00000nam a2200000 i 4500 | ||
|---|---|---|---|
| 001 | IT\ICCU\RAV\0076050 | ||
| 003 | ItRI | ||
| 005 | 20260115231902.0 | ||
| 008 | 891116s1973 it |||||| ||||| |||||c | ||
| 020 | |a 8817851167 | ||
| 040 | |b ita |c importazione bologna sebina | ||
| 041 | 7 | |a ita |2 ISO-639-2 | |
| 082 | |a 813.54 |9 Letteratura americana in inglese. Narrativa. 1945- |2 20 | ||
| 100 | 1 | |a Bach, Richard |0 IT\ICCU\CFIV\039551 |4 aut | |
| 240 | 1 | 0 | |a Jonathan Livingston Seagull |3 IT\ICCU\UBO\2868540 |9 Bach, Richard |
| 245 | 1 | 3 | |a Il gabbiano Jonathan Livingston / |c di Richard Bach ; fotografie di Russell Munson. |
| 260 | |a Milano : |b Rizzoli, |c 1973 | ||
| 300 | |a 92 p. : |b ill. ; |c 22 cm | ||
| 700 | 1 | |a Munson, Russell |0 IT\ICCU\CFIV\110658 | |
| 790 | 1 | |a Bah, Ricard |3 IT\ICCU\UBOV\996881 |z Bach, Richard | |
| 790 | 1 | |a Munsona, Russella |3 IT\ICCU\RAVV\455702 |z Munson, Russell | |
| 942 | |2 ddc |c BK |n 0 | ||
| 952 | |0 0 |1 0 |4 0 |6 DOC_813_540000000000000_BAC |7 0 |9 15325 |a BO |b BO |d 2026-01-15 |i 9197 |l 0 |o DOC 813.54 BAC |p BO9197 |r 2026-01-15 23:19:02 |w 2026-01-15 |x [Sebina 5] [1 v.] |y BK |z 1 v. | ||
| 999 | |c 13196 |d 13196 | ||